| 000 | 00586nam a2200229Ia 4500 | ||
|---|---|---|---|
| 005 | 20250507130405.0 | ||
| 008 | 008 250505s9999 xx 000 0 jpn d | ||
| 020 | _a9784093792042 | ||
| 037 | _aAnnuals, Advances | ||
| 040 |
_aEASL _beng _cEASL |
||
| 041 |
_ajpn _2eng |
||
| 084 |
_aO42,3N68, P0 _qEASL |
||
| 100 |
_aYu Miri _9661854 |
||
| 245 | 0 | _aInochi | |
| 260 |
_aJapan _bTokyo Shogakkan Japan _c2000 |
||
| 300 | _a232p. | ||
| 365 |
_a¥ _b1238 |
||
| 490 | _vV.6 | ||
| 650 | _aJL | ||
| 942 |
_cTEXL _hO42,3N68, P0 |
||
| 999 |
_c1319421 _d1319421 |
||